<?xml version="1.0" encoding="UTF-8"?>
<marc:record xmlns:marc="http://www.loc.gov/MARC21/slim">
   <marc:leader>00000nam a2200000 a 4500</marc:leader>
   <marc:datafield ind1="0" ind2="0" tag="245">
      <marc:subfield code="a">P.M. 25 / 03</marc:subfield>
   </marc:datafield>
   <marc:datafield ind1="0" ind2="0" tag="245">
      <marc:subfield code="b">Neugierig auf Morgen</marc:subfield>
   </marc:datafield>
   <marc:datafield ind1=" " ind2="1" tag="264">
      <marc:subfield code="a">Hamburg</marc:subfield>
      <marc:subfield code="b">Gruner + Jahr GmbH</marc:subfield>
      <marc:subfield code="c">25</marc:subfield>
   </marc:datafield>
   <marc:datafield ind1="1" ind2=" " tag="490">
      <marc:subfield code="a">-</marc:subfield>
   </marc:datafield>
   <marc:datafield ind1="1" ind2=" " tag="520">
      <marc:subfield code="a">Unbekanntes Leben - verschollene Wracks. Zu den tiefsten Punkten der Meere - mit neuer Tauchtechnik in eine unerforschte Welt - Tauchboot Triton 36000/2 ;   &#xD;
Justiz im All - diese Gesetze gelten in der Schwerelosigkeit ;   &#xD;
Überwintern - so kommen Insekten durch die kalten Monate ;   &#xD;
Notaufnahme - Zukunftskonzepte für die Problemstation ;  &#xD;
Hightech-LKW - sicher und sauber ;   &#xD;
Die extremsten Orte der Erde ;   &#xD;
uvm.</marc:subfield>
   </marc:datafield>
   <marc:datafield ind1=" " ind2=" " tag="041">
      <marc:subfield code="a">ger</marc:subfield>
   </marc:datafield>
   <marc:datafield ind1=" " ind2=" " tag="338">
      <marc:subfield code="a">Band</marc:subfield>
   </marc:datafield>
</marc:record>
